| 000 | 00620nam a2200157 a 4500 | ||
|---|---|---|---|
| 001 | 000044320 | ||
| 005 | 20201002045306.0 | ||
| 008 | 140613s1987 dr 000 0 spa d | ||
| 040 |
_aDO-SdBNP _bspa _cBNPHU |
||
| 111 | 2 |
_aSeminario de desarrollo integral del Este _n(2: _d1986 : 27 sept. _cSan Francisco de MacorĂs ) _972329 |
|
| 245 | 1 | 0 | _aSegundo seminario de desarrollo integral del este. |
| 260 |
_aSanto Domingo : _bUniversidad Central del Este, _c1987. |
||
| 300 |
_a79 p. ; _c24 cm. |
||
| 490 | 1 |
_aUniversidad Central del Este _v66 _aconferencias _n2 |
|
| 830 | 0 |
_aUniversidad Central del Este _v66 _pconferencias _n2 _972330 |
|
| 999 |
_c43809 _d43809 |
||